| 000 | 00802nam a2200217 i 4500 | ||
|---|---|---|---|
| 001 | 104130 | ||
| 003 | ES-MaACL | ||
| 005 | 20230906183523.0 | ||
| 007 | t| | ||
| 008 | 051123s1943 mx d |||| | spa d | ||
| 245 | 0 | 0 |
_aDiccionario de Química / _cpublicado en inglés, bajo la dirección de Stephen Miall...; con la colaboración de numerosos especialistas ; traducción española y notas por el Dr. José Giral. |
| 260 |
_aMéxico : _bAtlante, _c1943. |
||
| 300 |
_aXII, 1002 p. ; _c25 cm. |
||
| 490 | 1 | _aDiccionarios científicos Atlante | |
| 650 | 0 | 4 |
_aQuímica- _vDiccionarios. _916626 |
| 700 | 1 |
_aMiall, Stephen. _980850 |
|
| 700 | 1 |
_aGiral, José, _d1879-1962 _957181 |
|
| 830 | 0 |
_aDiccionarios científicos Atlante _9184838 |
|
| 852 |
_aES-MaACL _jB-10019 |
||
| 999 |
_c104130 _d104130 |
||